000 00519nam a2200169 i 4500
001 24971
003 ES-MaACL
005 20230906153154.0
007 t|
008 021219s1978 sp ||||1| spa d
100 1 _aApuleyo, Lucio.
_922131
245 1 3 _aEl asno de oro /
_cLucio Apuleyo ; introducción, traducción y notas de Lisardo Rubio Fernández.
260 _a[Madrid] :
_bGredos,
_c[1978]
300 _a358 p. ;
_c20 cm.
700 1 _aRubio Fernández, Lisardo.
_9100408
852 _aES-MaACL
_jA-8935
_bR.97925
999 _c24971
_d24971